[Event "World Blitz Women 2017"]
[Site "Riyadh KSA"]
[Date "2017.12.30"]
[Round "13.35"]
[White "Atalik, Ekaterina"]
[Black "Khukhashvili, Sopiko"]
[Result "0-1"]
[WhiteTitle "IM"]
[BlackTitle "IM"]
[WhiteElo "2451"]
[BlackElo "2312"]
[WhiteFideId "4130189"]
[BlackFideId "13602055"]
[EventDate "2017.12.29"]

1. d4 Nf6 2. Nf3 e6 3. c4 Bb4+ 4. Nbd2 O-O 5. e3 d6 6. a3 Bxd2+ 7. Nxd2 e5 8. b3
exd4 9. exd4 Re8+ 10. Be2 Qe7 11. Nf1 Ne4 12. Bb2 a5 13. f3 Ng5 14. Kf2 Qf6 15.
Ng3 c5 16. h4 Ne6 17. Ne4 Qe7 18. d5 Nf4 19. g3 Nh3+ 20. Rxh3 Bxh3 21. Qd2 Bf5
22. Bd3 Bg6 23. Qf4 Nd7 24. a4 Ne5 25. Bc2 f5 26. Nc3 Nf7 27. Qd2 b6 28. Ne2 h6
29. Nf4 Bh7 30. Ne6 Ne5 31. Re1 Qf6 32. Kg2 Nxf3 33. Bxf6 Nxd2 34. Bc3 Ne4 35.
Bxe4 fxe4 36. Nc7 Bf5 37. Nxa8 Rxa8 38. Rf1 g6 39. g4 Bxg4 40. Rf6 Bf5 41. Rxd6
e3 42. Kf3 Re8 43. Ke2 Bg4+ 44. Ke1 Bh5 45. Rd7 e2 46. Rg7+ Kf8 47. d6 Re3 48.
d7 Rd3 49. Rh7 Rd1+ 50. Kf2 Rf1+ 51. Kg2 Rd1 52. Kf2 Rf1+ 53. Kg2 Rd1 54. Kf2
Bg4 55. d8=Q+ Rxd8 56. Rh8+ Ke7 57. Bf6+ Kxf6 58. Rxd8 g5 59. hxg5+ Kxg5 60. Rd6
h5 61. Rxb6 h4 62. Rc6 Kf4 63. Rxc5 h3 64. Rc7 Bf5 65. Rc6 Kg5 66. Kxe2 h2 67.
Rh6 Kxh6 68. Ke3 h1=Q 0-1

[Event "World Blitz Women 2017"]
[Site "Riyadh KSA"]
[Date "2017.12.30"]
[Round "13.36"]
[White "Ovod, Evgenija"]
[Black "Hoolt, Sarah"]
[Result "0-1"]
[WhiteTitle "IM"]
[BlackTitle "WGM"]
[WhiteElo "2364"]
[BlackElo "2405"]
[WhiteFideId "4131827"]
[BlackFideId "24606812"]
[EventDate "2017.12.29"]

1. d4 Nf6 2. Bg5 c5 3. Bxf6 gxf6 4. d5 Qb6 5. Qc1 f5 6. c4 Bg7 7. Nc3 d6 8. e3
Nd7 9. f4 Nf6 10. Bd3 Bd7 11. Qc2 Ne4 12. Nge2 Rg8 13. O-O Nxc3 14. Nxc3 e6 15.
e4 fxe4 16. Bxe4 f5 17. dxe6 Bxe6 18. Bxf5 Bd4+ 19. Kh1 Bxc4 20. Qa4+ Qc6 21.
Rae1+ Kd8 22. Qxc6 bxc6 23. Bxh7 Rg7 24. Be4 Bxf1 25. Rxf1 Kc7 26. f5 Rb8 27.
Ne2 Rxb2 28. Nf4 Rf7 29. Ne6+ Kd7 30. h3 Rxa2 31. Nxd4 cxd4 32. f6 d5 33. Bg6
Rf8 34. f7 c5 35. Re1 Rb2 36. Bf5+ Kd8 37. Bg6 Kc7 38. Re7+ Kd6 39. Rxa7 c4 40.
Ra6+ Ke5 41. h4 d3 0-1

[Event "World Blitz Women 2017"]
[Site "Riyadh KSA"]
[Date "2017.12.30"]
[Round "13.37"]
[White "Arakhamia-Grant, Ketevan"]
[Black "Karavade, Eesha"]
[Result "1-0"]
[WhiteTitle "GM"]
[BlackTitle "IM"]
[WhiteElo "2350"]
[BlackElo "2384"]
[WhiteFideId "13600168"]
[BlackFideId "5012600"]
[EventDate "2017.12.29"]

1. e4 c5 2. Nf3 d6 3. Bb5+ Nc6 4. O-O Bd7 5. c3 a6 6. Ba4 b5 7. Bc2 e5 8. h3 Nf6
9. Re1 Be7 10. d3 O-O 11. Nbd2 Re8 12. Nf1 Bf8 13. Ng3 g6 14. d4 Bg7 15. Be3
cxd4 16. cxd4 exd4 17. Nxd4 Ne5 18. b3 Rc8 19. Rc1 Qa5 20. f4 Nc6 21. Nf3 Qa3
22. Bb1 Red8 23. Bb6 Re8 24. Kh2 Be6 25. Qd2 Nd7 26. Bf2 Nf6 27. Red1 Red8 28.
f5 Bd7 29. Qxd6 Qxd6 30. Rxd6 Ne8 31. Rdd1 Rb8 32. Rxd7 Rxd7 33. Rxc6 a5 34. e5
b4 35. f6 Bh6 36. Bc2 Nc7 37. Ne4 Ne6 38. Nd6 Bf4+ 39. g3 Bh6 40. Be4 Rbd8 41.
Bd5 Bf8 42. Bxe6 fxe6 43. Nc4 Rd3 44. Kg2 R3d7 45. Rxe6 a4 46. Ra6 axb3 47. axb3
Rd3 48. e6 Rxb3 49. e7 Bxe7 50. fxe7 Re8 51. Ra7 Rd3 52. Nfe5 Rd5 53. Rb7 Kg7
54. Kf3 Kf6 55. Ke4 Rd1 56. Bc5 Re1+ 57. Kf4 Rf1+ 58. Ke4 Re1+ 59. Kd5 b3 60.
Rxb3 Rd1+ 61. Rd3 Rxd3+ 62. Nxd3 Ra8 63. Nde5 h5 64. Nc6 g5 65. Nd8 Ra1 66. e8=Q
Rd1+ 67. Bd4+ 1-0

[Event "World Blitz Women 2017"]
[Site "Riyadh KSA"]
[Date "2017.12.30"]
[Round "13.38"]
[White "Rapport, Jovana"]
[Black "Ordaz Valdes, Lisandra Teresa"]
[Result "1/2-1/2"]
[WhiteTitle "WGM"]
[BlackTitle "WGM"]
[WhiteElo "2299"]
[BlackElo "2414"]
[WhiteFideId "937266"]
[BlackFideId "3506940"]
[EventDate "2017.12.29"]

1. d4 d5 2. Nc3 Nf6 3. Bf4 e6 4. Nb5 Na6 5. e3 c6 6. Nc3 Nb8 7. Nf3 Bd6 8. Bxd6
Qxd6 9. Ne5 b5 10. Bd3 a6 11. f4 c5 12. O-O Nc6 13. Be2 O-O 14. Bf3 Ne7 15. g4
Bb7 16. Qd3 c4 17. Qe2 b4 18. Na4 Ne4 19. Bxe4 dxe4 20. g5 Bd5 21. Nc5 Nf5 22.
a3 a5 23. c3 bxc3 24. bxc3 Rab8 25. Rab1 Rfc8 26. Kf2 Rxb1 27. Rxb1 Rb8 28. Rb2
a4 29. Qc2 Rb3 30. Nxb3 axb3 31. Qc1 Qxa3 32. Rb1 Qa2+ 33. Qb2 Qa7 34. Ra1 Qc7
35. Qa3 h6 36. gxh6 Nxh6 37. h3 Qd8 38. Kg2 Nf5 39. Qc1 Qh4 40. Qe1 Qh5 41. Rb1
f6 42. Ng4 Nh4+ 43. Kg3 Nf3 44. Qe2 f5 45. Ne5 Qh4+ 1/2-1/2

[Event "World Blitz Women 2017"]
[Site "Riyadh KSA"]
[Date "2017.12.30"]
[Round "13.39"]
[White "Mammadova, Gulnar"]
[Black "Kovanova, Baira"]
[Result "1-0"]
[WhiteTitle "IM"]
[BlackTitle "WGM"]
[WhiteElo "2357"]
[BlackElo "2367"]
[WhiteFideId "13403508"]
[BlackFideId "4164083"]
[EventDate "2017.12.29"]

1. e4 e5 2. Nf3 Nc6 3. Bc4 Bc5 4. O-O Nf6 5. d3 O-O 6. a4 h6 7. c3 a6 8. Re1 d6
9. h3 Ba7 10. Bb3 Ne7 11. Nbd2 Ng6 12. Nf1 Be6 13. Bc2 Re8 14. Ng3 d5 15. d4
dxe4 16. Nxe4 exd4 17. Nxd4 Bd5 18. Ng3 Rxe1+ 19. Qxe1 Nh4 20. f3 Qd6 21. Ne4
Nxe4 22. fxe4 Qe7 23. Bxh6 Be6 24. Be3 c5 25. Nxe6 fxe6 26. Qg3 Rf8 27. Bg5 c4+
28. Kh1 Qf7 29. Qxh4 Qf1+ 30. Rxf1 Rxf1+ 31. Kh2 Bg1+ 32. Kg3 Bf2+ 33. Kg4 Bxh4
34. Bxh4 Re1 35. Bxe1 1-0

[Event "World Blitz Women 2017"]
[Site "Riyadh KSA"]
[Date "2017.12.30"]
[Round "13.40"]
[White "Hoang, Thi Bao Tram"]
[Black "Fataliyeva, Ulviyya"]
[Result "1-0"]
[WhiteTitle "WGM"]
[BlackTitle "WGM"]
[WhiteElo "2410"]
[BlackElo "2384"]
[WhiteFideId "12401102"]
[BlackFideId "13403052"]
[EventDate "2017.12.29"]

1. d4 e6 2. c3 b6 3. e4 Bb7 4. Nd2 d5 5. e5 c5 6. Bd3 Nc6 7. Ne2 Nh6 8. O-O Be7
9. f4 Nf5 10. Nf3 h5 11. g3 a6 12. a3 b5 13. Bxf5 exf5 14. dxc5 Bxc5+ 15. Ned4
h4 16. Kg2 Nxd4 17. cxd4 Be7 18. Bd2 a5 19. Qb3 Ba6 20. Rfc1 Qd7 21. Bxa5 b4 22.
Bxb4 Bc4 23. Qc2 hxg3 24. hxg3 Qe6 25. Rh1 Rxh1 26. Rxh1 Bxb4 27. axb4 Kd7 28.
b3 Bb5 29. Rc1 Qb6 30. Qxf5+ Ke7 31. Qc2 Kf8 32. Qc5+ Qxc5 33. Rxc5 Ra2+ 34. Kg1
Be2 35. Nh4 Rb2 36. Nf5 g6 37. Rc8# 1-0

[Event "World Blitz Women 2017"]
[Site "Riyadh KSA"]
[Date "2017.12.30"]
[Round "13.41"]
[White "Zimina, Olga"]
[Black "Enkhtuul, Altan-Ulzii"]
[Result "0-1"]
[WhiteTitle "IM"]
[BlackTitle "WGM"]
[WhiteElo "2415"]
[BlackElo "2344"]
[WhiteFideId "4132190"]
[BlackFideId "4901444"]
[EventDate "2017.12.29"]

1. Nf3 Nf6 2. c4 g6 3. Nc3 Bg7 4. e4 d6 5. d4 O-O 6. Be2 c5 7. O-O cxd4 8. Nxd4
Nc6 9. Nc2 b6 10. f3 Bb7 11. Be3 Nd7 12. Qd2 Re8 13. Rac1 Rc8 14. b3 Nc5 15. Nd5
Ne6 16. Rfd1 Nc7 17. Kh1 Ne5 18. Nd4 Nd7 19. Nxc7 Qxc7 20. Nb5 Qb8 21. Bf1 a6
22. Nc3 Bc6 23. a4 Qb7 24. Qf2 Rb8 25. Bd4 Nf6 26. Nd5 Nxd5 27. cxd5 Bxd4 28.
Qxd4 Bd7 29. Qd3 b5 30. a5 Rec8 31. b4 Rxc1 32. Rxc1 Rc8 33. Qd2 Rc7 34. Rc2 Qc8
35. Bd3 e6 36. dxe6 Bxe6 37. Qc1 Bc4 38. Rc3 Rc6 39. g3 Qe6 40. Qg5 Kg7 41. Qd2
d5 42. exd5 Bxd5 43. Be2 Qf6 44. Rd3 Bc4 45. Re3 Bxe2 46. Rxe2 Qa1+ 47. Re1 Qf6
48. Re3 Rd6 49. Qe2 Qa1+ 50. Kg2 Qc1 51. Rd3 Re6 52. Qd2 Qc4 53. Re3 Rxe3 54.
Qxe3 Qxb4 55. Qe5+ Kg8 56. Qe8+ Qf8 57. Qc6 b4 58. Qxa6 Qd8 59. Qb6 Qd2+ 60. Kh3
Qd7+ 61. Kg2 Qd2+ 62. Kh3 Qd7+ 63. g4 Qd3 64. Qb8+ Kg7 65. Qe5+ Kf8 66. Qb8+ Kg7
67. Qe5+ Kg8 68. Qe8+ Kg7 69. Qe5+ Kg8 70. Kg3 b3 71. Qb8+ Kg7 72. Qe5+ Kg8 73.
Qb8+ Kg7 74. Qe5+ Kg8 75. Qb8+ Kg7 76. Qe5+ Kf8 77. Qb8+ Ke7 78. Qb7+ Ke6 79.
Qb6+ Qd6+ 80. Qxd6+ Kxd6 81. Kf2 b2 82. a6 b1=Q 83. a7 Qb6+ 84. Kg3 Qxa7 0-1

[Event "World Blitz Women 2017"]
[Site "Riyadh KSA"]
[Date "2017.12.30"]
[Round "13.42"]
[White "Nakhbayeva, Guliskhan"]
[Black "Gu, Xiaobing"]
[Result "1-0"]
[WhiteTitle "WGM"]
[BlackTitle "WGM"]
[WhiteElo "2314"]
[BlackElo "2332"]
[WhiteFideId "13704788"]
[BlackFideId "8602611"]
[EventDate "2017.12.29"]

1. d4 Nf6 2. c4 g6 3. Nc3 Bg7 4. e4 d6 5. h3 O-O 6. Bg5 h6 7. Be3 Na6 8. Qd2 Kh7
9. Bd3 e5 10. d5 Nd7 11. Nge2 Nac5 12. Bc2 Nb6 13. b3 a5 14. O-O Bd7 15. Rae1 a4
16. f4 exf4 17. Nxf4 axb3 18. axb3 Qf6 19. Nfe2 Qe7 20. Kh1 Rae8 21. Bd4 Qh4 22.
Bxg7 Kxg7 23. Ng1 Re7 24. b4 Na6 25. c5 Nc8 26. Qd4+ Kg8 27. Nf3 Qh5 28. e5 dxe5
29. Nxe5 Rfe8 30. Nxd7 Rxe1 31. Nf6+ Kf8 32. Nxh5 Rxf1+ 33. Kh2 gxh5 34. d6 cxd6
35. cxd6 Rd8 36. Qh8# 1-0

[Event "World Blitz Women 2017"]
[Site "Riyadh KSA"]
[Date "2017.12.30"]
[Round "13.43"]
[White "Zozulia, Anna"]
[Black "Bivol, Alina"]
[Result "1-0"]
[WhiteTitle "IM"]
[BlackTitle "WGM"]
[WhiteElo "2316"]
[BlackElo "2356"]
[WhiteFideId "14102110"]
[BlackFideId "4100123"]
[EventDate "2017.12.29"]

1. e4 e6 2. d4 d5 3. Nd2 Be7 4. Bd3 c5 5. dxc5 Nf6 6. Qe2 O-O 7. Ngf3 a5 8. O-O
Na6 9. e5 Nd7 10. c3 Naxc5 11. Bc2 b6 12. Re1 f6 13. exf6 Nxf6 14. Nd4 Re8 15.
Nc6 Qc7 16. Nxe7+ Rxe7 17. Nf3 Nce4 18. Bg5 Ba6 19. Qd1 Rf8 20. Bxe4 dxe4 21.
Nd4 Bd3 22. Qb3 Qd6 23. Nf5 Qc5 24. Nxe7+ Qxe7 25. Qxb6 a4 26. Rad1 h6 27. Bh4
Qf7 28. h3 Nh5 29. Qe3 Qg6 30. Bg3 Rf5 31. Rxd3 exd3 32. Qxd3 Qf7 33. Qe3 Rf6
34. Bh4 Rg6 35. b4 Nf4 36. Bg3 Nd5 37. Qe5 Kh7 38. b5 Qb7 39. c4 Ne7 40. Qe4 Qb6
41. Qe3 Qb7 42. Qd3 Nf5 43. c5 Nxg3 44. fxg3 Qc7 45. c6 Qb6+ 46. Kh2 Qc5 47. Re3
h5 48. Rxe6 1-0

[Event "World Blitz Women 2017"]
[Site "Riyadh KSA"]
[Date "2017.12.30"]
[Round "13.44"]
[White "Vijayalakshmi, Subbaraman"]
[Black "Doluhanova, Evgeniya"]
[Result "0-1"]
[WhiteTitle "IM"]
[BlackTitle "WGM"]
[WhiteElo "2357"]
[BlackElo "2352"]
[WhiteFideId "5004098"]
[BlackFideId "14112035"]
[EventDate "2017.12.29"]

1. Nf3 Nf6 2. g3 e6 3. Bg2 d5 4. d4 b5 5. O-O Bb7 6. Nbd2 Nbd7 7. Ne5 Bd6 8.
Ndf3 O-O 9. c3 c5 10. Bf4 Qc7 11. Rc1 Ne4 12. Rc2 Nxe5 13. Bxe5 Rac8 14. Bxd6
Nxd6 15. e3 cxd4 16. exd4 b4 17. Ne5 bxc3 18. Rxc3 Qa5 19. Ra3 Qb5 20. Rxa7 Qxb2
21. Qb1 Qxd4 22. Rxb7 Nxb7 23. Nd7 Na5 24. Nxf8 Rxf8 25. Qb5 Nc4 26. a4 h5 27.
h4 Qa7 28. Bf3 Rb8 29. Qc6 Ne5 30. Qc3 Nxf3+ 31. Qxf3 Qxa4 32. Qxh5 Qc2 33. Qg4
Rb1 34. h5 Rxf1+ 35. Kxf1 Qc4+ 36. Qxc4 dxc4 37. Ke2 Kh7 38. g4 Kh6 39. f4 f5
40. gxf5 exf5 41. Ke3 Kxh5 42. Kd4 Kg4 43. Kxc4 Kxf4 0-1

[Event "World Blitz Women 2017"]
[Site "Riyadh KSA"]
[Date "2017.12.30"]
[Round "13.45"]
[White "Assaubayeva, Bibisara"]
[Black "Albzoor, Anwar"]
[Result "1-0"]
[WhiteTitle "FM"]
[BlackTitle "WFM"]
[WhiteElo "2381"]
[BlackElo "1595"]
[WhiteFideId "13708694"]
[BlackFideId "11500522"]
[EventDate "2017.12.29"]

1. d4 d5 2. c4 e6 3. Nf3 Nf6 4. Nc3 Be7 5. Bg5 b6 6. cxd5 exd5 7. e3 Bb7 8. Bd3
O-O 9. O-O Nbd7 10. Qe2 Ne4 11. Bxe7 Qxe7 12. Rac1 c5 13. Ba6 Bxa6 14. Qxa6 Ndf6
15. dxc5 Nxc5 16. Qa3 Rfe8 17. Rfd1 Rad8 18. Nd4 Qd6 19. Ncb5 Qd7 20. Qxa7 Qxa7
21. Nxa7 Ra8 22. Ndc6 Re6 23. b4 Ncd7 24. a4 Nb8 25. Nxb8 Rxa7 26. a5 bxa5 27.
Nc6 Rc7 28. Nxa5 Rb7 29. Nxb7 Rb6 30. Rc8+ 1-0

[Event "World Blitz Women 2017"]
[Site "Riyadh KSA"]
[Date "2017.12.30"]
[Round "14.2"]
[White "Cramling, Pia"]
[Black "Michna, Marta"]
[Result "1-0"]
[WhiteTitle "GM"]
[BlackTitle "WGM"]
[WhiteElo "2450"]
[BlackElo "2377"]
[WhiteFideId "1700030"]
[BlackFideId "1106686"]
[EventDate "2017.12.29"]

1. Nf3 d6 2. d4 g6 3. g3 Bg7 4. Bg2 Nd7 5. b3 e5 6. dxe5 dxe5 7. Bb2 Ne7 8. O-O
O-O 9. e4 Re8 10. Na3 Nc6 11. Nc4 b6 12. Qd5 Bb7 13. Rfd1 Nd4 14. Qxb7 Rb8 15.
Qa6 Nc5 16. Qa3 Bf8 17. b4 a5 1-0

[Event "World Blitz Women 2017"]
[Site "Riyadh KSA"]
[Date "2017.12.30"]
[Round "14.3"]
[White "Gunina, Valentina"]
[Black "Tan, Zhongyi"]
[Result "1-0"]
[WhiteTitle "GM"]
[BlackTitle "GM"]
[WhiteElo "2510"]
[BlackElo "2517"]
[WhiteFideId "4167570"]
[BlackFideId "8603642"]
[EventDate "2017.12.29"]

1. e4 d6 2. d4 g6 3. c4 Bg7 4. Nc3 Nf6 5. Nf3 O-O 6. Be2 e5 7. Be3 Ng4 8. Bg5 f6
9. Bh4 g5 10. Bg3 Nh6 11. dxe5 dxe5 12. Qxd8 Rxd8 13. Nd5 Na6 14. O-O-O Be6 15.
h4 g4 16. Nd2 c6 17. Ne3 Nc5 18. Kc2 Rd4 19. f3 Rad8 20. Nb3 Nxb3 21. axb3 gxf3
22. gxf3 Nf7 23. Rxd4 Rxd4 24. Bf2 Rd7 25. b4 a6 26. c5 Bh6 27. Rg1+ Kf8 28. Kc3
Bf4 29. Bd3 Nh8 30. Nc4 Bxc4 31. Bxc4 Rg7 32. Rd1 Ke7 33. Rd6 Rg2 34. Be1 Rg1
35. Bf2 Rg2 36. Be1 Rg1 37. Bd2 Bxd2+ 38. Kxd2 Rg2+ 39. Kc3 Ng6 40. Re6+ Kd8 41.
Rxf6 Nxh4 42. Rf8+ Kc7 43. Rf7+ Kb8 44. f4 Rg3+ 45. Kc2 exf4 46. e5 Re3 47. e6
Ng6 48. Rxh7 Ka7 49. Kd2 Re5 50. Rf7 Rg5 51. Rg7 Rg2+ 52. Ke1 f3 53. b3 Nf4 54.
Rxg2 fxg2 55. Kf2 Ng6 56. Kxg2 Kb8 57. Kf3 Kc7 58. Ke4 Kd8 59. Kf5 Ne7+ 60. Ke5
Nc8 61. Kf6 Ne7 62. Be2 Nd5+ 63. Kf7 Ne7 64. Bf3 Nf5 65. Bg2 Ne7 66. Be4 Nc8 67.
Kf6 Ne7 68. Ke5 Nc8 69. Bg6 Ke7 70. Bh5 Na7 71. Be2 Nc8 72. Bd3 Na7 73. Kf5 Nc8
74. Ke5 Na7 75. Bc4 Nc8 76. Bf1 Na7 77. Be2 Nc8 78. b5 axb5 79. Kd4 Na7 80. Bg4
b4 81. Kc4 Nb5 82. Kxb4 Nc7 83. Ka5 Nd5 84. Bh3 Nf4 85. Bf5 Nd5 86. Bg4 Ne3 87.
Bh3 Nd5 88. b4 Kd8 89. Bg2 Nf4 90. Be4 Nxe6 91. Kb6 Ng5 92. Bf5 Nf3 93. Kxb7 Nd4
94. Be4 Kd7 95. Bg2 Ke6 96. Bxc6 Nc2 97. b5 Nd4 98. Kb6 Nb3 99. Bg2 Kd7 100.
Bh3+ Ke7 101. c6 Nd2 102. Kb7 Nc4 103. c7 Nd6+ 104. Kb8 1-0

[Event "World Blitz Women 2017"]
[Site "Riyadh KSA"]
[Date "2017.12.30"]
[Round "14.4"]
[White "Nechaeva, Marina"]
[Black "Lagno, Kateryna"]
[Result "0-1"]
[WhiteTitle "IM"]
[BlackTitle "GM"]
[WhiteElo "2424"]
[BlackElo "2547"]
[WhiteFideId "4149351"]
[BlackFideId "14109336"]
[EventDate "2017.12.29"]

1. d4 Nf6 2. Nf3 g6 3. Bf4 Bg7 4. e3 O-O 5. h3 d6 6. Be2 b6 7. O-O Bb7 8. c3
Nbd7 9. Nbd2 Ne4 10. Nxe4 Bxe4 11. Nd2 Bb7 12. Bf3 Bxf3 13. Qxf3 e5 14. Bh2 Nf6
15. Rad1 Qe7 16. dxe5 dxe5 17. Ne4 Rad8 18. Nxf6+ Bxf6 19. Rxd8 Rxd8 20. Rd1 e4
21. Qe2 c6 22. Bf4 Kg7 23. Rd2 h5 24. Qd1 Rxd2 25. Qxd2 Qe6 26. b3 a6 27. c4 b5
28. cxb5 cxb5 29. Qd6 Qxd6 30. Bxd6 Bc3 31. Kf1 Kf6 32. Ke2 Ke6 33. Bf8 Kd5 34.
f3 f5 35. Be7 Be5 36. Bf8 Bf6 37. Bb4 Be5 38. Bf8 exf3+ 39. Kxf3 Bc7 40. Be7 a5
41. a4 bxa4 42. bxa4 Kc4 43. e4 Kb3 44. exf5 gxf5 45. Bf6 Kxa4 46. Bc3 Bd6 47.
g4 fxg4+ 48. hxg4 hxg4+ 49. Kxg4 Bb4 50. Be5 Kb3 51. Kf3 a4 52. Ke2 Kc2 53. Bd4
a3 54. Ba1 a2 0-1

[Event "World Blitz Women 2017"]
[Site "Riyadh KSA"]
[Date "2017.12.30"]
[Round "14.5"]
[White "Krush, Irina"]
[Black "Mammadzada, Gunay"]
[Result "0-1"]
[WhiteTitle "GM"]
[BlackTitle "WGM"]
[WhiteElo "2431"]
[BlackElo "2333"]
[WhiteFideId "2012782"]
[BlackFideId "13403729"]
[EventDate "2017.12.29"]

1. c4 e5 2. e3 Nf6 3. Nc3 Nc6 4. Nf3 Bb4 5. Qc2 O-O 6. Nd5 Be7 7. a3 d6 8. Nxe7+
Nxe7 9. d3 Ng6 10. Be2 b6 11. b4 Bb7 12. Bb2 Qe7 13. O-O Nd7 14. d4 f5 15. dxe5
dxe5 16. Rfd1 Rad8 17. Rd2 Be4 18. Qc3 Rde8 19. Rad1 Nf6 20. c5 c6 21. cxb6 axb6
22. Qb3+ Kh8 23. a4 Bd5 24. Qa3 Ne4 25. Rc2 Ng5 26. Nxg5 Qxg5 27. Bf1 Nh4 28.
Rxd5 cxd5 29. a5 f4 30. exf4 exf4 31. axb6 Nxg2 32. Kh1 f3 33. Rc1 Nh4 34. b7
Rb8 35. Qa7 Qe7 36. Qd4 Rxb7 37. b5 Nf5 38. Qxd5 Rd7 39. Qxf3 Nd4 40. Qg4 Nf5
41. Bg2 Rd2 42. Bc3 Rxf2 43. b6 Ne3 44. Qe4 Qg5 45. b7 Nxg2 46. Bd4 Rf1+ 47.
Rxf1 Rxf1+ 48. Bg1 Rf8 49. Qxg2 Qxg2+ 50. Kxg2 Rb8 51. Kg3 Rxb7 52. Be3 Rb4 53.
Bd2 Rc4 54. Bf4 h5 55. Bg5 Kh7 56. h4 Kg6 57. Be7 Kf5 58. Bd8 Rc3+ 59. Kg2 Kg4
60. Be7 Rh3 61. Bd8 Rxh4 0-1

[Event "World Blitz Women 2017"]
[Site "Riyadh KSA"]
[Date "2017.12.30"]
[Round "14.6"]
[White "Ju, Wenjun"]
[Black "Khotenashvili, Bela"]
[Result "1-0"]
[WhiteTitle "GM"]
[BlackTitle "GM"]
[WhiteElo "2567"]
[BlackElo "2476"]
[WhiteFideId "8603006"]
[BlackFideId "13602640"]
[EventDate "2017.12.29"]

1. d4 g6 2. Nf3 Bg7 3. g3 c5 4. c3 d5 5. Bg2 Nf6 6. O-O O-O 7. dxc5 a5 8. Na3
Na6 9. c4 Nxc5 10. Be3 Nce4 11. Bd4 Be6 12. Rc1 Rc8 13. b3 dxc4 14. Nxc4 b5 15.
Nce5 Qd6 16. Qd3 b4 17. Nc4 Qa6 18. Nfe5 Nd6 19. Nxd6 Qxd3 20. exd3 exd6 21. Nc6
Rfe8 22. Nxa5 Bf5 23. Nc6 Ng4 24. Bxg7 Kxg7 25. Nxb4 Rb8 26. a3 Re2 27. Nc6 Rb6
28. Nd4 Rd2 29. Nxf5+ gxf5 30. Rc3 Ne5 31. a4 Nxd3 32. a5 Ra6 33. Ra1 Nb4 34.
Bf1 Ra7 35. a6 d5 36. Rc5 d4 37. Ra4 Nc2 38. b4 Ne1 39. b5 Rb2 40. Rxf5 d3 41.
Rd4 Rb3 42. Rd6 Ra8 43. Rfd5 Nf3+ 44. Kg2 Ne1+ 45. Kh3 Rb4 46. Bxd3 Nxd3 47.
Rxd3 Rxb5 48. Ra3 Ra7 49. Kg2 h6 50. h3 Rb4 51. Rd5 Rb6 52. Rda5 Rc6 53. g4 Rb6
54. Kg3 Rc6 55. f4 Rb6 56. Kh4 Rc6 57. Kh5 Rb6 58. Kh4 Rc6 59. Kg3 Rb6 60. Kf3
Re6 61. R5a4 Kh7 62. f5 Rb6 63. Ke4 Kg7 64. Kd5 Kf6 65. Kc5 Rb1 66. Rb4 Rc1+ 67.
Kb6 Rcc7 68. Rd4 Kg5 69. Rd8 Re7 70. Rb8 Rad7 71. a7 Rd6+ 72. Kc5 Rd1 73. a8=Q
Rc1+ 74. Kd4 Rd7+ 75. Ke3 Re7+ 76. Kd2 Rcc7 77. Rg8+ Kh4 78. Qf3 Red7+ 79. Rd3 1-0

[Event "World Blitz Women 2017"]
[Site "Riyadh KSA"]
[Date "2017.12.30"]
[Round "14.7"]
[White "Huang, Qian"]
[Black "Lei, Tingjie"]
[Result "0-1"]
[WhiteTitle "WGM"]
[BlackTitle "GM"]
[WhiteElo "2438"]
[BlackElo "2528"]
[WhiteFideId "8602689"]
[BlackFideId "8605114"]
[EventDate "2017.12.29"]

1. d4 Nf6 2. Nf3 g6 3. g3 Bg7 4. Bg2 O-O 5. O-O d6 6. Nbd2 Re8 7. e4 c5 8. c3
Nc6 9. Re1 Qc7 10. d5 Nb8 11. h3 h6 12. a4 e6 13. Nc4 e5 14. Bd2 b6 15. Qc2 Ba6
16. b3 Nbd7 17. Rad1 Bb7 18. Bc1 Rab8 19. Bb2 a6 20. Na3 Nf8 21. c4 Bc8 22. Kh2
Bd7 23. Nd2 Nh5 24. Nf3 Nh7 25. Nb1 b5 26. axb5 axb5 27. Nc3 bxc4 28. bxc4 Rb4
29. Nd2 f5 30. Ba3 Rbb8 31. Bc1 N5f6 32. exf5 gxf5 33. f4 e4 34. Nf1 Nf8 35. Ne3
Ng6 36. Bd2 h5 37. h4 Ng4+ 38. Nxg4 hxg4 39. Rb1 Kf7 40. Nb5 Bxb5 41. cxb5 Rh8
42. Kg1 Qe7 43. b6 Rb7 44. Be3 Rhb8 45. Qc4 Rxb6 46. Rxb6 Rxb6 47. Bf1 Rb4 48.
Qa6 Rb3 49. Qc8 Qf6 50. Qd7+ Kg8 51. Qc8+ Kh7 52. Bc4 Ra3 53. Bf1 Qc3 54. Bf2
Bd4 55. Bxd4 Qxd4+ 56. Kh1 Qf6 57. h5 Ne7 58. Qd7 Rxg3 59. Rb1 Qh4+ 0-1

[Event "World Blitz Women 2017"]
[Site "Riyadh KSA"]
[Date "2017.12.30"]
[Round "14.8"]
[White "Padmini, Rout"]
[Black "Bodnaruk, Anastasia"]
[Result "1-0"]
[WhiteTitle "IM"]
[BlackTitle "IM"]
[WhiteElo "2324"]
[BlackElo "2428"]
[WhiteFideId "5029295"]
[BlackFideId "4181751"]
[EventDate "2017.12.29"]

1. e4 c5 2. Nf3 d6 3. c3 Nf6 4. Be2 g6 5. O-O Bg7 6. Bb5+ Bd7 7. Bxd7+ Nbxd7 8.
Re1 O-O 9. d4 e5 10. dxe5 Nxe5 11. Nxe5 dxe5 12. Qe2 Qc7 13. Nd2 Rad8 14. a4 b6
15. Nc4 h6 16. f3 Rfe8 17. Be3 Qc6 18. Na3 Rd7 19. Qb5 Qc7 20. Nc4 Rb8 21. a5
bxa5 22. Qxa5 Bf8 23. Qxc7 Rxc7 24. Ra2 Nd7 25. Rea1 Rbb7 26. Kf2 f6 27. Ke2 Kf7
28. Kd3 Nb8 29. Kc2 h5 30. Ra3 Ke6 31. Rb3 Rxb3 32. Kxb3 f5 33. exf5+ gxf5 34.
Re1 Nd7 35. Bf4 Bg7 36. Bxe5 Nxe5 37. Nxe5 Bxe5 38. f4 Rb7+ 39. Kc2 Rg7 40.
Rxe5+ Kf6 41. g3 h4 42. Rxc5 hxg3 43. hxg3 Rxg3 44. Rc6+ Ke7 45. Ra6 Rg2+ 46.
Kb3 Rf2 47. Rxa7+ Kd6 48. Ra4 Rf3 49. Rd4+ Kc5 50. Rc4+ Kd5 51. Rd4+ Kc5 52. Ka3
Rf1 53. b4+ Kb5 54. Kb3 Rb1+ 55. Kc2 Rf1 56. Rd5+ Kc4 57. Rc5# 1-0

[Event "World Blitz Women 2017"]
[Site "Riyadh KSA"]
[Date "2017.12.30"]
[Round "14.9"]
[White "Abdumalik, Zhansaya"]
[Black "Berend, Elvira"]
[Result "1/2-1/2"]
[WhiteTitle "IM"]
[BlackTitle "WGM"]
[WhiteElo "2449"]
[BlackElo "2303"]
[WhiteFideId "13703544"]
[BlackFideId "4000510"]
[EventDate "2017.12.29"]

1. e4 e5 2. Nf3 Nc6 3. Bb5 Nf6 4. O-O Nxe4 5. Re1 Nd6 6. Nxe5 Be7 7. Bf1 Nxe5 8.
Rxe5 O-O 9. Nc3 Bf6 10. Re1 c6 11. d4 Nf5 12. d5 d6 13. Ne4 Be5 14. c3 cxd5 15.
Qxd5 Ne7 16. Qd1 Ng6 17. g3 d5 18. Ng5 Bc7 19. Bg2 h6 20. Nf3 Bg4 21. h3 Bc8 22.
Nd4 Bb6 23. Qd3 Re8 24. Bd2 Ne5 25. Qb5 Bxd4 26. cxd4 Nc6 27. Rxe8+ Qxe8 28.
Qxd5 Be6 29. Qe4 Bd7 30. Qxe8+ Rxe8 31. Bc3 Bf5 32. d5 Nb8 33. Re1 Rxe1+ 34.
Bxe1 Kf8 35. Bb4+ Ke8 36. Kf1 Kd7 37. Ke2 Bb1 38. a3 Na6 39. Bc3 f6 40. b4 Nc7
41. Ke3 Ba2 42. Bd4 Nxd5+ 43. Bxd5 Bxd5 44. Bxa7 g6 45. Bd4 Ke6 46. Kd3 b5 47.
Be3 h5 48. h4 Ke5 49. Bf4+ Ke6 50. Kd4 Bb3 51. Kc5 Ba4 52. Be3 Kf5 53. Kd5 g5
54. Kd6 Bb3 55. hxg5 fxg5 1/2-1/2